000 01823nam a2200541 a 4500
001 21360
003 VRT
005 20260227151944.0
008 240313s2010 xo a b 000 p slo
015 _aSNBA2010/04-02399
020 _a9788080643669
_q(viaz.)
035 _aF82F5675-B856-4199-99C0-DFDFA2B25680
035 _aurn:nbn:sk:snk-amka3b
035 _aurn:nbn:sk:snk-am008jea
039 9 _a202403131513
_bVLOAD
_c202309081022
_dmsnk170
_c201807301452
_dVLOAD
_c201602082107
_dVLOAD
040 _aSVKBB
_bslo
_cSVKBB
_dSNK
_dTTKJF
_dTOTK
_eAACR2
041 0 _aslo
044 _axo
_cSK
072 7 _a821.162.4-1
_xSlovenská poézia
_2konspekt
072 7 _a821-93
_xLiteratúra pre deti a mládež
_2konspekt
080 _a821.162.4-1
_22001
080 _a821-93
_22001
100 1 _aNagaj, Ondrej,
_d1940-
_4aut
245 1 0 _aZarecituj si básničku
_bvýber najkrajších básničiek aj na recitačné súťaže
_cOndrej Nagaj ; ilustroval Igor Cvacho
260 _aŽilina
_bKnižné centrum
_c2010
300 _a31 s.
_bfareb. ilustr.
_c25 cm
655 7 _aslovenská poézia
_2SNKPH
655 7 _apublikácie pre deti
_2SNKPH
700 1 _aCvacho, Igor,
_d1961-
_4ill
910 _attkjf
910 _asnk
910 _atotk
910 _askpk
910 _apppk
910 _avthk
910 _asllk
910 _asavuk
910 _apokpoh
942 _2ddc
_cKLDE
_n0
949 _6270001000360898
_asvkbbB 44136
_bsvkbbm 707062
949 _617A0651035
_asnkSC 139566
_bsnk2010/6210
_o799/10
_s6100:20160112
949 _617A0651036
_asnkSC 139566 D1
_bsnk2010/6211
_o799/10
949 _6273K0516651
_asvkpoB 83632
_bsvkpo525053
949 _62889165051
_asavukPV 13963
_bsavuk2010/5834
980 _a821.162.4-1
980 _a821-93
999 _c21360
_d21360